00865 2200313 4500001002100000005001500021035002000036007000300056040001700059100003200076245007200108250001200180300003900192020001800231041000800249082000800257084001400265090002000279264003800299336002100337337003000358338002300388650001200411700004500423850001000468008004100478990001600519990001600535INLIS00000000000738320260602031215 a0010-0822000357ta aSBPUPADbind aEny RahmaningsihePengarang1 aAneka Resep Membuat Kue dan Masakan Sehari-hari /cEny Rahmaningsih a.-cet.2 axv ,154 hlm :bilus. ;c20 x 14 cm a979-518-760-007aind a641 a641 ENY a a641 SYA m L20-6 a.--Jakarta :bRineka Cipta,c2005 2rdacontentateks 2rdamediaatanpa perantara 2rdacarrieravolume 4aMemasak aPenerbit ke-2, Bina AdiaksaraePengarang aPUPAD260602 0  a14744/BR-14 a14747/BR-14